000 00983nam a2200289Ia 4500
005 20220316235543.0
008 121119s1999 sp a gr 000 j spa
020 _a8421636790
041 1 _aspa
100 1 _aDaeninckx, Didier
_d1949-
245 1 3 _aEl gato de tigali
_cDidier Daeninckx ; ilustraciones, José Luis Tellería ; traducción, Beatriz Velasco
250 _aPrimera edición
300 _a63 páginas
_bilustraciones
_c22 cm
490 0 _aPequeños ciudadanos
650 1 4 _aCuentos infantiles franceses
_2LEMB
650 1 4 _aLiteratura infantil francesa
_2LEMB
650 1 4 _aTolerancia en la literatura
_2LEMB
700 1 _aTellería, José Luis
_eilustrador
_938754
700 1 _aVelasco, Beatriz
_etraductor
_938755
942 _2loc
_cBKINF
264 _aMadrid
_bBruño
_c1999
336 _atexto
_btxt
_2rdacontent
337 _asin mediación
_bn
_2rdamedia
338 _avolumen
_bnc
_2rdacarrier
040 _aCO-BoRNBP
_bspa
_erda
_cCO-BoRNBP
084 _aC DAE1
999 _c1339
_d1339